Biblioteca Práctica de Consulta del Nuevo Milenio: Mitología (Registro nro. 2039)

Detalles MARC
000 -LEADER
fixed length control field 02314nam a22002057a 4500
003 - CONTROL NUMBER IDENTIFIER
control field OSt
005 - DATE AND TIME OF LATEST TRANSACTION
control field 20260406083833.0
008 - FIXED-LENGTH DATA ELEMENTS--GENERAL INFORMATION
fixed length control field 260406b |||||||| |||| 00| 0 SPA d
082 ## - DEWEY DECIMAL CLASSIFICATION NUMBER
Edition number 9586771164
100 ## - MAIN ENTRY--PERSONAL NAME
Personal name Zamora Editores
245 ## - TITLE STATEMENT
Title Biblioteca Práctica de Consulta del Nuevo Milenio: Mitología
250 ## - EDITION STATEMENT
Edition statement volumen 2
260 ## - PUBLICATION, DISTRIBUTION, ETC.
Place of publication, distribution, etc. Bogotá, Colombia
Name of publisher, distributor, etc. Zamora Editores Ltda
Date of publication, distribution, etc. 2000
300 ## - PHYSICAL DESCRIPTION
Extent 24 x 17 cm
Other physical details 400 gramos.
Dimensions 180 páginas.
Accompanying material Ilustraciones: Contiene dibujos y láminas a color que facilitan la comprensión de los mitos y deidades. Cuestionarios y Actividades: Al final de las secciones incluye evaluaciones breves para reafirmar los conocimientos adquiridos. Glosario: Un apartado de términos técnicos sobre religiones y filosofía para ampliar el vocabulario.
490 ## - SERIES STATEMENT
Materials specified Tapa blanda
520 ## - SUMMARY, ETC.
Summary, etc. Este volumen de la Biblioteca Práctica de Consulta del Nuevo Milenio es una guía introductoria diseñada para explicar cómo las antiguas civilizaciones interpretaban el mundo a través de lo sagrado y lo fantástico.<br/>El libro se divide principalmente en tres grandes ejes:<br/>Mitología Clásica y Universal: Explora a fondo los dioses y héroes de la Grecia y Roma antiguas (Zeus, Atenea, Hércules, etc.), detallando sus mitos de creación y las leyendas que explicaban fenómenos naturales. También hace un recorrido breve por mitologías de otras culturas.<br/>Historia de las Religiones: Analiza el surgimiento de las grandes creencias espirituales de la humanidad, desde el animismo primitivo hasta las religiones monoteístas modernas, buscando puntos de encuentro entre ellas.<br/>Filosofía y Comunicación: Dedica secciones a explicar cómo el pensamiento humano evolucionó del mito al logos (la razón), y cómo el lenguaje y la comunicación han sido herramientas clave para transmitir estas historias de generación en generación.<br/>Enfoque pedagógico:<br/>A diferencia de un diccionario enciclopédico seco, este tomo utiliza un lenguaje sencillo y didáctico, ideal para estudiantes. Su objetivo es que el lector comprenda que la mitología no son solo "cuentos viejos", sino la base de la cultura, el arte y la literatura occidental.
650 ## - SUBJECT ADDED ENTRY--TOPICAL TERM
Topical term or geographic name entry element Mitología comparada
General subdivision Diccionarios, Manuales, Instrucción y estudio
Chronological subdivision 2000
700 ## - ADDED ENTRY--PERSONAL NAME
Personal name Zamora Editores
942 ## - ADDED ENTRY ELEMENTS (KOHA)
Source of classification or shelving scheme Dewey Decimal Classification
Koha item type Acceso Libre
Suppress in OPAC No
Existencias
Withdrawn status Lost status Source of classification or shelving scheme Damaged status Not for loan Collection Home library Current library Shelving location Date acquired Coded location qualifier Inventory number Total checkouts Full call number Barcode Date last seen Copy number Price effective from Koha item type
    Dewey Decimal Classification     Estantería F Fila 2 Biblioteca Stanford Biblioteca Stanford Biblioteca Abierta 06.04.2026 0463 0463   0463 BIBLIO0463 06.04.2026 1 06.04.2026 Acceso Libre
Bienvenido a nuestra Biblioteca